[Event "CECLUB Segunda División"]
[Site "Linares"]
[Date "2017.08.09"]
[Round "2"]
[White "Naranjo Moreno, Antonio"]
[Black "Gines Esteo, Pedro Antonio"]
[Result "1-0"]
[Board "2"]
[WhiteTitle "FM"]
[WhiteElo "2379"]
[WhiteCountry "ESP"]
[WhiteFideId "2278626"]
[WhiteEloChange "10"]
[BlackTitle "FM"]
[BlackElo "2383"]
[BlackCountry "ESP"]
[BlackFideId "32080190"]
[BlackEloChange "-10"]

1. e4 {[%clk 1:29:01]} d6 {[%clk 1:30:38]} 2. d4 {[%clk 1:28:30]} Nf6 {[%clk
1:30:59]} 3. Nc3 {[%clk 1:28:45]} e5 {[%clk 1:31:18]} 4. Nf3 {[%clk 1:28:22]}
Nbd7 {[%clk 1:31:42]} 5. Bc4 {[%clk 1:28:11]} Be7 {[%clk 1:32:04]} 6. O-O {[%clk
1:27:15]} O-O {[%clk 1:32:26]} 7. a4 {[%clk 1:26:55]} a6 {[%clk 1:28:24]} 8. a5
{[%clk 1:24:58]} exd4 {[%clk 1:24:54]} 9. Qxd4 {[%clk 1:13:45]} h6 {[%clk
1:25:15]} 10. h3 {[%clk 0:58:20]} Ne5 {[%clk 1:25:27]} 11. Nxe5 {[%clk 0:52:50]}
dxe5 {[%clk 1:25:18]} 12. Qe3 {[%clk 0:44:28]} Qd4 {[%clk 1:11:28]} 13. Qe2
{[%clk 0:43:12]} Be6 {[%clk 1:01:51]} 14. Bxe6 {[%clk 0:34:25]} fxe6 {[%clk
1:02:17]} 15. Ra4 {[%clk 0:34:22]} Qd7 {[%clk 1:02:02]} 16. Rd1 {[%clk 0:31:48]}
Bd6 {[%clk 1:02:04]} 17. Be3 {[%clk 0:30:38]} Qe7 {[%clk 0:57:10]} 18. Nb1 {[%clk
0:19:56]} Rad8 {[%clk 0:49:17]} 19. Nd2 {[%clk 0:16:09]} Bc5 {[%clk 0:38:18]} 20.
Nb3 {[%clk 0:14:11]} Bxe3 {[%clk 0:35:54]} 21. fxe3 {[%clk 0:14:17]} Rxd1+ {[%clk
0:32:59]} 22. Qxd1 {[%clk 0:14:45]} Qe8 {[%clk 0:30:28]} 23. Rb4 {[%clk 0:13:04]}
Qg6 {[%clk 0:20:36]} 24. Nc5 {[%clk 0:11:07]} Nh5 {[%clk 0:19:56]} 25. Qg4 {[%clk
0:10:22]} Qxg4 {[%clk 0:15:12]} 26. hxg4 {[%clk 0:10:47]} Nf6 {[%clk 0:15:33]}
27. Rxb7 {[%clk 0:09:09]} Nxg4 {[%clk 0:15:41]} 28. Nxa6 {[%clk 0:08:59]} Nxe3
{[%clk 0:16:05]} 29. Nxc7 {[%clk 0:07:37]} Rf1+ {[%clk 0:16:07]} 30. Kh2 {[%clk
0:08:01]} Rf2 {[%clk 0:10:27]} 31. a6 {[%clk 0:06:44]} Nxg2 {[%clk 0:08:28]} 32.
Kg1 {[%clk 0:04:48]} Rd2 {[%clk 0:08:48]} 33. a7 {[%clk 0:04:30]} Nh4 {[%clk
0:08:56]} 34. a8Q+ {[%clk 0:04:30]} Kh7 {[%clk 0:09:20]} 35. Qf8 {[%clk 0:04:14]}
1-0

[Event "CECLUB Segunda División"]
[Site "Linares"]
[Date "2017.08.09"]
[Round "2"]
[White "Ereza Vizcarra, Fernando"]
[Black "Martin Carmona, Gaston Manuel"]
[Result "0-1"]
[Board "3"]
[WhiteElo "1984"]
[WhiteCountry "ESP"]
[WhiteFideId "22268987"]
[WhiteEloChange "-4"]
[BlackElo "2205"]
[BlackCountry "ESP"]
[BlackFideId "22284567"]
[BlackEloChange "4"]

1. d4 {[%clk 1:30:30]} Nf6 {[%clk 1:30:30]} 2. Nf3 {[%clk 1:30:30]} d5 {[%clk
1:30:30]} 3. Bf4 {[%clk 1:30:30]} c5 {[%clk 1:30:30]} 4. e3 {[%clk 1:30:30]} Nc6
{[%clk 1:30:30]} 5. c3 {[%clk 1:30:30]} Qb6 {[%clk 1:30:30]} 6. Qb3 {[%clk
1:30:30]} c4 {[%clk 1:30:30]} 7. Qc2 {[%clk 1:30:30]} Bf5 {[%clk 1:30:30]} 8. Qc1
{[%clk 1:30:30]} e6 {[%clk 1:30:30]} 9. h3 {[%clk 1:30:30]} Be7 {[%clk 1:30:30]}
10. Nbd2 {[%clk 1:30:30]} O-O {[%clk 1:30:30]} 11. b3 {[%clk 1:30:30]} cxb3
{[%clk 1:30:30]} 12. axb3 {[%clk 1:30:30]} Rfc8 {[%clk 1:30:30]} 13. Qb2 {[%clk
1:30:30]} Nb4 {[%clk 1:30:30]} 14. Rc1 {[%clk 1:30:30]} Nd3+ {[%clk 1:30:30]} 15.
Bxd3 {[%clk 1:30:30]} Bxd3 {[%clk 1:30:30]} 16. Ne5 {[%clk 1:30:30]} Ba6 {[%clk
1:30:30]} 17. c4 {[%clk 1:30:30]} dxc4 {[%clk 1:30:30]} 18. Nexc4 {[%clk
1:30:30]} Qd8 {[%clk 1:30:30]} 19. O-O {[%clk 1:30:30]} b6 {[%clk 1:30:30]} 20.
Rfd1 {[%clk 1:30:30]} Bb7 {[%clk 1:30:30]} 21. Ne5 {[%clk 1:30:30]} a5 {[%clk
1:30:30]} 22. Rxc8 {[%clk 1:30:30]} Rxc8 {[%clk 1:30:30]} 23. Rc1 {[%clk
1:30:30]} b5 {[%clk 1:30:30]} 24. Nd3 {[%clk 1:30:30]} Nd5 {[%clk 1:30:30]} 25.
Bg3 {[%clk 1:30:30]} Nb4 {[%clk 1:30:30]} 26. Nf4 {[%clk 1:30:30]} a4 {[%clk
1:30:30]} 27. bxa4 {[%clk 1:30:30]} bxa4 {[%clk 1:30:30]} 28. Rc4 {[%clk
1:30:30]} Rxc4 {[%clk 1:30:30]} 29. Nxc4 {[%clk 1:30:30]} Qc8 {[%clk 1:30:30]}
30. Na3 {[%clk 1:30:30]} Qc6 {[%clk 1:30:30]} 31. f3 {[%clk 1:30:30]} Nd5 {[%clk
1:30:30]} 32. e4 {[%clk 1:30:30]} Qb6 {[%clk 1:30:30]} 33. Qxb6 {[%clk 1:30:30]}
Nxb6 {[%clk 1:30:30]} 34. Nc2 {[%clk 1:30:30]} Ba6 {[%clk 1:30:30]} 35. Be1
{[%clk 1:30:30]} g5 {[%clk 1:30:30]} 36. Nh5 {[%clk 1:30:30]} Bd3 {[%clk
1:30:30]} 37. Na1 {[%clk 1:30:30]} Ba3 {[%clk 1:30:30]} 38. Bc3 {[%clk 1:30:30]}
Bc1 {[%clk 1:30:30]} 39. d5 {[%clk 1:30:30]} a3 {[%clk 1:30:30]} 40. d6 {[%clk
1:30:30]} Bb2 {[%clk 1:30:30]} 41. Nf6+ {[%clk 1:30:30]} Kf8 {[%clk 1:30:30]} 42.
Nxh7+ {[%clk 1:30:30]} Ke8 {[%clk 1:30:30]} 43. Nf6+ {[%clk 1:30:30]} Kd8 {[%clk
1:30:30]} 44. Ba5 {[%clk 1:30:30]} Bxf6 {[%clk 1:30:30]} 45. Bxb6+ {[%clk
1:30:30]} Kd7 {[%clk 1:30:30]} 46. Nb3 {[%clk 1:30:30]} Bc4 {[%clk 1:30:30]} 47.
Bd4 {[%clk 1:30:30]} e5 {[%clk 1:30:30]} 0-1

[Event "CECLUB Segunda División"]
[Site "Linares"]
[Date "2017.08.09"]
[Round "2"]
[White "Ramos Moreno, Francisco Jose"]
[Black "Escartin Lacasa, Jose"]
[Result "0-1"]
[Board "4"]
[WhiteElo "2067"]
[WhiteCountry "ESP"]
[WhiteFideId "2221861"]
[WhiteEloChange "-13"]
[BlackElo "1959"]
[BlackCountry "ESP"]
[BlackFideId "32080042"]
[BlackEloChange "13"]

1. e4 {[%clk 1:30:56]} c5 {[%clk 1:30:23]} 2. Nc3 {[%clk 1:31:14]} Nc6 {[%clk
1:29:20]} 3. f4 {[%clk 1:31:33]} e6 {[%clk 1:29:35]} 4. Nf3 {[%clk 1:31:42]} d5
{[%clk 1:29:36]} 5. Bb5 {[%clk 1:31:13]} Nf6 {[%clk 1:26:19]} 6. Ne5 {[%clk
0:59:27]} Qb6 {[%clk 1:15:28]} 7. Qf3 {[%clk 0:44:17]} dxe4 {[%clk 1:11:59]} 8.
Bxc6+ {[%clk 0:39:04]} Qxc6 {[%clk 1:12:17]} 9. Qe2 {[%clk 0:37:57]} Qc7 {[%clk
1:06:34]} 10. Nxe4 {[%clk 0:37:08]} Nxe4 {[%clk 1:05:58]} 11. Qxe4 {[%clk
0:37:27]} Bd6 {[%clk 1:05:57]} 12. O-O {[%clk 0:35:13]} O-O {[%clk 1:04:43]} 13.
b3 {[%clk 0:34:00]} f6 {[%clk 1:03:38]} 14. Nc4 {[%clk 0:33:30]} Bd7 {[%clk
0:51:16]} 15. Nxd6 {[%clk 0:31:37]} Qxd6 {[%clk 0:51:37]} 16. Bb2 {[%clk
0:31:22]} Bc6 {[%clk 0:50:58]} 17. Qe2 {[%clk 0:31:06]} Rad8 {[%clk 0:49:17]} 18.
d3 {[%clk 0:30:30]} Qd5 {[%clk 0:46:21]} 19. Rae1 {[%clk 0:29:40]} Rfe8 {[%clk
0:40:23]} 20. Rf2 {[%clk 0:27:56]} Qf5 {[%clk 0:39:22]} 21. Qe3 {[%clk 0:27:40]}
b6 {[%clk 0:35:57]} 22. Qg3 {[%clk 0:26:47]} Rd7 {[%clk 0:32:35]} 23. Rfe2 {[%clk
0:26:16]} Kf7 {[%clk 0:29:53]} 24. Re3 {[%clk 0:26:02]} Qh5 {[%clk 0:18:10]} 25.
Rf1 {[%clk 0:18:07]} Rd5 {[%clk 0:14:58]} 26. h4 {[%clk 0:18:01]} Qg6 {[%clk
0:12:21]} 27. Qh3 {[%clk 0:17:46]} h5 {[%clk 0:09:57]} 28. Rfe1 {[%clk 0:15:59]}
Qf5 {[%clk 0:09:31]} 29. Qg3 {[%clk 0:15:43]} Rd7 {[%clk 0:05:24]} 30. Rf1 {[%clk
0:14:32]} Rh8 {[%clk 0:04:10]} 31. Rfe1 {[%clk 0:13:31]} Re7 {[%clk 0:04:00]} 32.
Qf2 {[%clk 0:11:37]} Rh6 {[%clk 0:03:59]} 33. Rg3 {[%clk 0:11:35]} Rg6 {[%clk
0:04:13]} 34. Rxg6 {[%clk 0:09:58]} Qxg6 {[%clk 0:04:37]} 35. Re3 {[%clk
0:09:29]} Qg4 {[%clk 0:04:53]} 36. Re1 {[%clk 0:07:48]} Re8 {[%clk 0:04:25]} 37.
Kh2 {[%clk 0:07:41]} Rd8 {[%clk 0:03:45]} 38. Re3 {[%clk 0:07:19]} Rd5 {[%clk
0:03:28]} 39. g3 {[%clk 0:06:23]} Rd8 {[%clk 0:01:58]} 40. Qe2 {[%clk 0:05:31]}
Qxe2+ {[%clk 0:01:26]} 41. Rxe2 {[%clk 0:05:56]} Bf3 {[%clk 0:01:13]} 42. Re3
{[%clk 0:06:04]} Bd1 {[%clk 0:01:24]} 43. c3 {[%clk 0:05:30]} Bc2 {[%clk
0:01:44]} 44. d4 {[%clk 0:05:47]} cxd4 {[%clk 0:01:58]} 45. cxd4 {[%clk 0:06:11]}
Rc8 {[%clk 0:02:24]} 46. Re2 {[%clk 0:05:19]} Bb1 {[%clk 0:02:09]} 47. a3 {[%clk
0:05:11]} Rc2 {[%clk 0:02:30]} 48. Rxc2 {[%clk 0:04:54]} Bxc2 {[%clk 0:02:55]}
49. b4 {[%clk 0:05:17]} Ke7 {[%clk 0:03:21]} 50. Kg2 {[%clk 0:05:07]} Kd6 {[%clk
0:03:43]} 51. Kf3 {[%clk 0:05:31]} Kd5 {[%clk 0:03:57]} 52. Ke3 {[%clk 0:05:54]}
Kc4 {[%clk 0:04:10]} 53. Kd2 {[%clk 0:06:13]} Kb3 {[%clk 0:04:19]} 54. Bc1 {[%clk
0:06:30]} Bg6 {[%clk 0:04:20]} 55. Ke3 {[%clk 0:06:34]} Kc2 {[%clk 0:04:21]} 56.
Bd2 {[%clk 0:06:57]} Be8 {[%clk 0:04:09]} 57. b5 {[%clk 0:05:21]} Bxb5 {[%clk
0:04:15]} 58. Bb4 {[%clk 0:05:45]} Kb3 {[%clk 0:03:07]} 59. Bf8 {[%clk 0:06:02]}
g6 {[%clk 0:02:47]} 60. Be7 {[%clk 0:05:57]} Bc6 {[%clk 0:01:44]} 61. Kd3 {[%clk
0:05:48]} Bd5 {[%clk 0:02:02]} 62. Kd2 {[%clk 0:05:25]} f5 {[%clk 0:02:06]} 63.
Kc1 {[%clk 0:05:36]} a5 {[%clk 0:01:56]} 64. Bd8 {[%clk 0:04:49]} b5 {[%clk
0:01:25]} 65. Bxa5 {[%clk 0:04:11]} Kxa3 {[%clk 0:01:49]} 66. Kb1 {[%clk
0:04:09]} b4 {[%clk 0:02:00]} 67. Bb6 {[%clk 0:04:09]} Kb3 {[%clk 0:02:05]} 68.
Bc5 {[%clk 0:03:36]} Kc3 {[%clk 0:02:09]} 69. Bd6 {[%clk 0:03:38]} b3 {[%clk
0:01:24]} 70. Ba3 {[%clk 0:03:56]} Kxd4 {[%clk 0:01:48]} 71. Kb2 {[%clk 0:04:11]}
Ke4 {[%clk 0:00:43]} 72. Be7 {[%clk 0:04:22]} Kf3 {[%clk 0:01:02]} 73. Bg5 {[%clk
0:04:43]} Kxg3 {[%clk 0:01:21]} 74. Kc3 {[%clk 0:04:38]} e5 {[%clk 0:01:28]} 75.
fxe5 {[%clk 0:04:47]} f4 {[%clk 0:01:52]} 0-1

[Event "CECLUB Segunda División"]
[Site "Linares"]
[Date "2017.08.09"]
[Round "3"]
[White "Vallejo Pons, Francisco"]
[Black "Suarez Gomez, Julio"]
[Result "1-0"]
[Board "1"]
[WhiteTitle "GM"]
[WhiteElo "2717"]
[WhiteCountry "ESP"]
[WhiteFideId "2205530"]
[WhiteEloChange "2"]
[BlackTitle "FM"]
[BlackElo "2474"]
[BlackCountry "ESP"]
[BlackFideId "22275991"]
[BlackEloChange "-2"]

1. e4 {[%clk 1:30:35]} e5 {[%clk 1:30:55]} 2. Nf3 {[%clk 1:28:25]} Nc6 {[%clk
1:31:16]} 3. Bb5 {[%clk 1:27:58]} g6 {[%clk 1:31:38]} 4. c3 {[%clk 1:24:16]} a6
{[%clk 1:29:51]} 5. Ba4 {[%clk 1:20:10]} d6 {[%clk 1:30:08]} 6. d4 {[%clk
1:16:54]} Bd7 {[%clk 1:30:10]} 7. Bg5 {[%clk 1:15:35]} Be7 {[%clk 1:29:48]} 8.
Be3 {[%clk 1:14:46]} Nf6 {[%clk 1:30:02]} 9. Bc2 {[%clk 1:12:55]} exd4 {[%clk
1:16:00]} 10. cxd4 {[%clk 1:12:58]} Nb4 {[%clk 1:16:16]} 11. Nc3 {[%clk 1:12:18]}
Nxc2+ {[%clk 1:14:38]} 12. Qxc2 {[%clk 1:12:44]} O-O {[%clk 1:11:17]} 13. h3
{[%clk 1:10:34]} c6 {[%clk 1:08:05]} 14. O-O {[%clk 1:08:27]} d5 {[%clk 1:02:15]}
15. e5 {[%clk 1:02:51]} Nh5 {[%clk 1:00:51]} 16. Qd2 {[%clk 0:59:18]} f5 {[%clk
0:47:53]} 17. Bh6 {[%clk 0:54:27]} Ng7 {[%clk 0:45:56]} 18. Ne2 {[%clk 0:52:34]}
Re8 {[%clk 0:45:05]} 19. Rfe1 {[%clk 0:43:41]} Ne6 {[%clk 0:44:18]} 20. Nf4
{[%clk 0:43:43]} a5 {[%clk 0:41:24]} 21. a3 {[%clk 0:39:59]} Bf8 {[%clk 0:35:41]}
22. Bxf8 {[%clk 0:31:04]} Rxf8 {[%clk 0:36:03]} 23. h4 {[%clk 0:30:26]} Qe7
{[%clk 0:28:12]} 24. h5 {[%clk 0:28:22]} gxh5 {[%clk 0:27:30]} 25. Nxh5 {[%clk
0:24:13]} f4 {[%clk 0:27:36]} 26. Nf6+ {[%clk 0:23:45]} Kh8 {[%clk 0:27:55]} 27.
Kh2 {[%clk 0:15:28]} Be8 {[%clk 0:25:06]} 28. Rh1 {[%clk 0:14:45]} Bg6 {[%clk
0:25:24]} 29. Kg1 {[%clk 0:14:10]} Be4 {[%clk 0:20:49]} 30. Nh4 {[%clk 0:09:40]}
Rxf6 {[%clk 0:20:40]} 31. exf6 {[%clk 0:10:05]} Qxf6 {[%clk 0:21:06]} 32. f3
{[%clk 0:10:18]} Nxd4 {[%clk 0:20:14]} 33. fxe4 {[%clk 0:08:12]} Nb3 {[%clk
0:19:51]} 34. e5 {[%clk 0:06:49]} Qg5 {[%clk 0:13:47]} 35. Nf3 {[%clk 0:02:40]}
Qe7 {[%clk 0:14:13]} 36. Qe1 {[%clk 0:02:44]} Nxa1 {[%clk 0:14:28]} 37. Qxa1
{[%clk 0:03:01]} Qc5+ {[%clk 0:14:44]} 38. Kh2 {[%clk 0:02:33]} Rg8 {[%clk
0:15:07]} 39. b4 {[%clk 0:00:50]} Qf2 {[%clk 0:14:56]} 40. Qf1 {[%clk 0:00:50]}
Qb2 {[%clk 0:12:25]} 41. e6 {[%clk 0:01:05]} axb4 {[%clk 0:11:54]} 42. axb4
{[%clk 0:01:04]} Rg7 {[%clk 0:10:47]} 43. Kg1 {[%clk 0:00:49]} Qxb4 {[%clk
0:11:02]} 44. Rh5 {[%clk 0:00:48]} Kg8 {[%clk 0:07:15]} 45. Re5 {[%clk 0:00:43]}
Kf8 {[%clk 0:07:41]} 46. Qf2 {[%clk 0:00:38]} Ke8 {[%clk 0:07:33]} 47. Qa7 {[%clk
0:00:39]} Qb1+ {[%clk 0:06:39]} 48. Kh2 {[%clk 0:00:42]} Qg6 {[%clk 0:05:30]} 49.
Qb8+ {[%clk 0:01:03]} Ke7 {[%clk 0:05:56]} 50. Qc7+ {[%clk 0:01:10]} Ke8 {[%clk
0:05:50]} 51. Qc8+ {[%clk 0:01:30]} Ke7 {[%clk 0:06:15]} 52. Qd7+ {[%clk
0:01:52]} Kf6 {[%clk 0:06:40]} 53. Qd8+ {[%clk 0:02:11]} Re7 {[%clk 0:07:01]} 54.
Qf8+ {[%clk 0:02:24]} 1-0

[Event "CECLUB Segunda División"]
[Site "Linares"]
[Date "2017.08.09"]
[Round "3"]
[White "Laiz Ibanez, Hector"]
[Black "Arizmendi Martinez, Julen Luis"]
[Result "1/2-1/2"]
[Board "2"]
[WhiteTitle "FM"]
[WhiteElo "2284"]
[WhiteCountry "ESP"]
[WhiteFideId "2216710"]
[WhiteEloChange "6"]
[BlackTitle "GM"]
[BlackElo "2513"]
[BlackCountry "ESP"]
[BlackFideId "2205092"]
[BlackEloChange "-3"]

1. e4 {[%clk 1:30:30]} e6 {[%clk 1:30:30]} 2. d4 {[%clk 1:30:30]} d5 {[%clk
1:30:30]} 3. Bd3 {[%clk 1:30:30]} c5 {[%clk 1:30:30]} 4. exd5 {[%clk 1:30:30]}
exd5 {[%clk 1:30:30]} 5. Nf3 {[%clk 1:30:30]} c4 {[%clk 1:30:30]} 6. Be2 {[%clk
1:30:30]} Nf6 {[%clk 1:30:30]} 7. O-O {[%clk 1:30:30]} Be7 {[%clk 1:30:30]} 8. b3
{[%clk 1:30:30]} cxb3 {[%clk 1:30:30]} 9. axb3 {[%clk 1:30:30]} O-O {[%clk
1:30:30]} 10. c4 {[%clk 1:30:30]} Nc6 {[%clk 1:30:30]} 11. Nc3 {[%clk 1:30:30]}
Bf5 {[%clk 1:30:30]} 12. Bg5 {[%clk 1:30:30]} Ne4 {[%clk 1:30:30]} 13. Bxe7
{[%clk 1:30:30]} Nxc3 {[%clk 1:30:30]} 14. Bxd8 {[%clk 1:30:30]} Nxd1 {[%clk
1:30:30]} 15. Rfxd1 {[%clk 1:30:30]} Rfxd8 {[%clk 1:30:30]} 16. Rd2 {[%clk
1:30:30]} a6 {[%clk 1:30:30]} 17. Ra4 {[%clk 1:30:30]} Rac8 {[%clk 1:30:30]} 18.
h3 {[%clk 1:30:30]} Rc7 {[%clk 1:30:30]} 19. c5 {[%clk 1:30:30]} Bd7 {[%clk
1:30:30]} 20. Ra1 {[%clk 1:30:30]} Re8 {[%clk 1:30:30]} 21. Bf1 {[%clk 1:30:30]}
f6 {[%clk 1:30:30]} 22. Re1 {[%clk 1:30:30]} Rxe1 {[%clk 1:30:30]} 23. Nxe1
{[%clk 1:30:30]} Bf5 {[%clk 1:30:30]} 24. g4 {[%clk 1:30:30]} Re7 {[%clk
1:30:30]} 25. Rd1 {[%clk 1:30:30]} Bg6 {[%clk 1:30:30]} 26. Bg2 {[%clk 1:30:30]}
Nb4 {[%clk 1:30:30]} 27. Kf1 {[%clk 1:30:30]} Kf8 {[%clk 1:30:30]} 28. Ra1 {[%clk
1:30:30]} Be8 {[%clk 1:30:30]} 29. Bf3 {[%clk 1:30:30]} Bb5+ {[%clk 1:30:30]} 30.
Kg2 {[%clk 1:30:30]} Be2 {[%clk 1:30:30]} 31. Rc1 {[%clk 1:30:30]} Bxf3+ {[%clk
1:30:30]} 32. Kxf3 {[%clk 1:30:30]} Re4 {[%clk 1:30:30]} 33. Nc2 {[%clk 1:30:30]}
Nxc2 {[%clk 1:30:30]} 34. Rxc2 {[%clk 1:30:30]} Rxd4 {[%clk 1:30:30]} 35. c6
{[%clk 1:30:30]} bxc6 {[%clk 1:30:30]} 36. Rxc6 {[%clk 1:30:30]} Rd3+ {[%clk
1:30:30]} 37. Kg2 {[%clk 1:30:30]} Rxb3 {[%clk 1:30:30]} 38. Rxa6 {[%clk
1:30:30]} d4 {[%clk 1:30:30]} 39. Rd6 {[%clk 1:30:30]} d3 {[%clk 1:30:30]} 40.
Kf3 {[%clk 1:30:30]} Ke7 {[%clk 1:30:30]} 41. Rd4 {[%clk 1:30:30]} g5 {[%clk
1:30:30]} 42. Ke4 {[%clk 1:30:30]} d2 {[%clk 1:30:30]} 43. Rxd2 {[%clk 1:30:30]}
Rxh3 {[%clk 1:30:30]} 44. Ra2 {[%clk 1:30:30]} Kf7 {[%clk 1:30:30]} 45. Ra8
{[%clk 1:30:30]} Rb3 {[%clk 1:30:30]} 46. f3 {[%clk 1:30:30]} Kg7 {[%clk
1:30:30]} 47. Rc8 {[%clk 1:30:30]} Ra3 {[%clk 1:30:30]} 48. Rb8 {[%clk 1:30:30]}
Kg6 {[%clk 1:30:30]} 49. Rg8+ {[%clk 1:30:30]} Kf7 {[%clk 1:30:30]} 50. Rh8
{[%clk 1:30:30]} Kg7 {[%clk 1:30:30]} 51. Rb8 {[%clk 1:30:30]} Ra7 {[%clk
1:30:30]} 52. Ke3 {[%clk 1:30:30]} Ra2 {[%clk 1:30:30]} 53. Rc8 {[%clk 1:30:30]}
Rh2 {[%clk 1:30:30]} 54. Ra8 {[%clk 1:30:30]} h5 {[%clk 1:30:30]} 55. gxh5 {[%clk
1:30:30]} Rxh5 {[%clk 1:30:30]} 56. Kf2 {[%clk 1:30:30]} Rh4 {[%clk 1:30:30]} 57.
Kg3 {[%clk 1:30:30]} Rb4 {[%clk 1:30:30]} 58. Ra7+ {[%clk 1:30:30]} Kg6 {[%clk
1:30:30]} 59. Ra8 {[%clk 1:30:30]} Rb2 {[%clk 1:30:30]} 60. Ra6 {[%clk 1:30:30]}
Rb5 {[%clk 1:30:30]} 61. Ra8 {[%clk 1:30:30]} f5 {[%clk 1:30:30]} 62. Rg8+ {[%clk
1:30:30]} Kf6 {[%clk 1:30:30]} 63. Rf8+ {[%clk 1:30:30]} Kg7 {[%clk 1:30:30]} 64.
Ra8 {[%clk 1:30:30]} Rd5 {[%clk 1:30:30]} 65. Rb8 {[%clk 1:30:30]} Rd3 {[%clk
1:30:30]} 66. Kf2 {[%clk 1:30:30]} Kf6 {[%clk 1:30:30]} 67. Rg8 {[%clk 1:30:30]}
Rd2+ {[%clk 1:30:30]} 68. Ke3 {[%clk 1:30:30]} Ra2 {[%clk 1:30:30]} 69. Rf8+
{[%clk 1:30:30]} Ke6 {[%clk 1:30:30]} 70. Re8+ {[%clk 1:30:30]} Kf7 {[%clk
1:30:30]} 71. Rb8 {[%clk 1:30:30]} Ra6 {[%clk 1:30:30]} 72. Rc8 {[%clk 1:30:30]}
Kf6 {[%clk 1:30:30]} 73. Rf8+ {[%clk 1:30:30]} Kg6 {[%clk 1:30:30]} 74. Rg8+
{[%clk 1:30:30]} Kh5 {[%clk 1:30:30]} 75. Rh8+ {[%clk 1:30:30]} Rh6 {[%clk
1:30:30]} 76. Rf8 {[%clk 1:30:30]} f4+ {[%clk 1:30:30]} 77. Kf2 {[%clk 1:30:30]}
Ra6 {[%clk 1:30:30]} 78. Rh8+ {[%clk 1:30:30]} Kg6 {[%clk 1:30:30]} 79. Rb8
{[%clk 1:30:30]} Ra2+ {[%clk 1:30:30]} 80. Kg1 {[%clk 1:30:30]} Rd2 {[%clk
1:30:30]} 81. Rg8+ {[%clk 1:30:30]} Kf6 {[%clk 1:30:30]} 82. Rf8+ {[%clk
1:30:30]} Kg7 {[%clk 1:30:30]} 83. Ra8 {[%clk 1:30:30]} Re2 {[%clk 1:30:30]} 84.
Rb8 {[%clk 1:30:30]} Ra2 {[%clk 1:30:30]} 85. Rc8 {[%clk 1:30:30]} Rb2 {[%clk
1:30:30]} 86. Ra8 {[%clk 1:30:30]} Kf6 {[%clk 1:30:30]} 87. Rf8+ {[%clk 1:30:30]}
Kg7 {[%clk 1:30:30]} 88. Ra8 {[%clk 1:30:30]} Rb6 {[%clk 1:30:30]} 89. Kg2 {[%clk
1:30:30]} Rb3 {[%clk 1:30:30]} 90. Kf2 {[%clk 1:30:30]} Kg6 {[%clk 1:30:30]} 91.
Rg8+ {[%clk 1:30:30]} Kf6 {[%clk 1:30:30]} 92. Rf8+ {[%clk 1:30:30]} Kg7 {[%clk
1:30:30]} 93. Ra8 {[%clk 1:30:30]} Rd3 {[%clk 1:30:30]} 94. Rb8 {[%clk 1:30:30]}
Rd6 {[%clk 1:30:30]} 95. Ra8 {[%clk 1:30:30]} Kf6 {[%clk 1:30:30]} 96. Rf8+
{[%clk 1:30:30]} Kg7 {[%clk 1:30:30]} 97. Ra8 {[%clk 1:30:30]} Rd2+ {[%clk
1:30:30]} 98. Kg1 {[%clk 1:30:30]} Rc2 {[%clk 1:30:30]} 99. Rb8 {[%clk 1:30:30]}
Kf6 {[%clk 1:30:30]} 100. Rf8+ {[%clk 1:30:30]} Ke5 {[%clk 1:30:30]} 101. Rg8
{[%clk 1:30:30]} Kf5 {[%clk 1:30:30]} 102. Rf8+ {[%clk 1:30:30]} Ke6 {[%clk
1:30:30]} 103. Re8+ {[%clk 1:30:30]} Kf7 {[%clk 1:30:30]} 104. Ra8 {[%clk
1:30:30]} Rc7 {[%clk 1:30:30]} 105. Kg2 {[%clk 1:30:30]} Kg6 {[%clk 1:30:30]}
106. Rg8+ {[%clk 1:30:30]} Kf6 {[%clk 1:30:30]} 107. Rf8+ {[%clk 1:30:30]} Rf7
{[%clk 1:30:30]} 108. Ra8 {[%clk 1:30:30]} Re7 {[%clk 1:30:30]} 109. Rf8+ {[%clk
1:30:30]} Rf7 {[%clk 1:30:30]} 110. Ra8 {[%clk 1:30:30]} Rb7 {[%clk 1:30:30]}
111. Rf8+ {[%clk 1:30:30]} Kg7 {[%clk 1:30:30]} 112. Ra8 {[%clk 1:30:30]} Rb6
{[%clk 1:30:30]} 113. Rc8 {[%clk 1:30:30]} Rb2+ {[%clk 1:30:30]} 114. Kg1 {[%clk
1:30:30]} Rd2 {[%clk 1:30:30]} 115. Ra8 {[%clk 1:30:30]} Kf6 {[%clk 1:30:30]}
116. Rf8+ {[%clk 1:30:30]} Ke5 {[%clk 1:30:30]} 117. Rg8 {[%clk 1:30:30]} Kd4
{[%clk 1:30:30]} 118. Rxg5 {[%clk 1:30:30]} Ke3 {[%clk 1:30:30]} 119. Ra5 {[%clk
1:30:30]} Kxf3 {[%clk 1:30:30]} 120. Ra3+ {[%clk 1:30:30]} Kg4 {[%clk 1:30:30]}
121. Kf1 {[%clk 1:30:30]} Rb2 {[%clk 1:30:30]} 122. Rc3 {[%clk 1:30:30]} f3
{[%clk 1:30:30]} 123. Rc8 {[%clk 1:30:30]} Kg3 {[%clk 1:30:30]} 1/2-1/2

[Event "CECLUB Segunda División"]
[Site "Linares"]
[Date "2017.08.09"]
[Round "3"]
[White "Llobell Cortell, Enrique"]
[Black "Gonzalez Diaz, Julio"]
[Result "1/2-1/2"]
[Board "3"]
[WhiteTitle "IM"]
[WhiteElo "2402"]
[WhiteCountry "ESP"]
[WhiteFideId "2216116"]
[WhiteEloChange "-2"]
[BlackElo "2263"]
[BlackCountry "ESP"]
[BlackFideId "2207613"]
[BlackEloChange "4"]

1. e4 {[%clk 1:30:33]} e6 {[%clk 1:30:12]} 2. d4 {[%clk 1:30:11]} d5 {[%clk
1:30:27]} 3. Nd2 {[%clk 1:27:47]} h6 {[%clk 1:30:08]} 4. Ngf3 {[%clk 1:20:28]}
Nf6 {[%clk 1:29:48]} 5. Bd3 {[%clk 1:15:34]} c5 {[%clk 1:25:48]} 6. c3 {[%clk
1:15:57]} Nc6 {[%clk 1:23:00]} 7. O-O {[%clk 1:12:36]} cxd4 {[%clk 1:11:17]} 8.
cxd4 {[%clk 1:12:14]} dxe4 {[%clk 1:10:22]} 9. Nxe4 {[%clk 1:12:36]} Be7 {[%clk
1:08:49]} 10. Re1 {[%clk 0:53:25]} O-O {[%clk 1:02:30]} 11. Be3 {[%clk 0:27:21]}
Nd5 {[%clk 0:49:48]} 12. Rc1 {[%clk 0:26:45]} f5 {[%clk 0:45:31]} 13. Nc3 {[%clk
0:08:41]} Bf6 {[%clk 0:39:31]} 14. Nxd5 {[%clk 0:08:53]} Qxd5 {[%clk 0:37:43]}
15. Bc4 {[%clk 0:09:05]} Qd6 {[%clk 0:33:00]} 16. Qd2 {[%clk 0:04:04]} Rd8 {[%clk
0:18:03]} 17. Bf4 {[%clk 0:04:21]} Qb4 {[%clk 0:17:42]} 18. Qxb4 {[%clk 0:04:34]}
Nxb4 {[%clk 0:18:10]} 19. Bc7 {[%clk 0:04:32]} Re8 {[%clk 0:17:06]} 20. Bb5
{[%clk 0:02:56]} Nc6 {[%clk 0:15:46]} 21. Rxc6 {[%clk 0:00:51]} bxc6 {[%clk
0:16:02]} 22. Bxc6 {[%clk 0:01:19]} Ba6 {[%clk 0:15:57]} 23. d5 {[%clk 0:00:34]}
Bc4 {[%clk 0:14:39]} 24. d6 {[%clk 0:00:37]} Bd5 {[%clk 0:10:11]} 25. Bxa8 {[%clk
0:00:43]} Rxa8 {[%clk 0:10:14]} 26. b3 {[%clk 0:00:48]} Kf7 {[%clk 0:07:12]} 27.
d7 {[%clk 0:01:13]} Bxf3 {[%clk 0:06:01]} 28. gxf3 {[%clk 0:01:37]} Bd8 {[%clk
0:05:53]} 29. Bxd8 {[%clk 0:00:34]} Rxd8 {[%clk 0:06:15]} 30. Rd1 {[%clk
0:01:01]} Ke7 {[%clk 0:05:17]} 31. Kf1 {[%clk 0:01:30]} Rxd7 {[%clk 0:04:58]} 32.
Rxd7+ {[%clk 0:01:55]} Kxd7 {[%clk 0:05:23]} 33. Ke2 {[%clk 0:00:51]} Kd6 {[%clk
0:05:26]} 34. Kd3 {[%clk 0:00:54]} Kc5 {[%clk 0:04:53]} 35. Kc3 {[%clk 0:01:13]}
a5 {[%clk 0:04:58]} 36. h4 {[%clk 0:00:53]} g5 {[%clk 0:04:49]} 37. h5 {[%clk
0:01:13]} e5 {[%clk 0:02:28]} 38. a3 {[%clk 0:01:38]} Kd5 {[%clk 0:01:18]} 39.
Kd3 {[%clk 0:01:32]} Kc5 {[%clk 0:01:39]} 40. Kc3 {[%clk 0:01:49]} Kd5 {[%clk
0:02:08]} 41. Kd3 {[%clk 0:00:50]} Kc5 {[%clk 0:02:06]} 42. Kc3 {[%clk 0:01:18]}
1/2-1/2